Biblioteca y Centro de Documentación

Aplicación del Derecho del trabajo y nuevo proceso de oficio (Registro nro. 1259)

Detalles MARC
000 -CABECERA
Longitud fija campo de control 01189nam a2200337 c 4500
001 - NÚMERO DE CONTROL
Número de control 1259
003 - IDENTIFICADOR DE NÚMERO DE CONTROL
Identificador del número de control ES-MaCES
005 - FECHA Y HORA DE LA ÚLTIMA TRANSACCIÓN
Fecha y hora de la última transacción 20141221121533.0
008 - CAMPO FIJO DE DESCRIPCIÓN FIJA--INFORMACIÓN GENERAL
Códigos de información de longitud fija   941207s1993 sp ||| | spa d
017 ## - NÚMERO DE REGISTRO DE DERECHOS DE AUTOR Y DEPÓSITO LEGAL
Número de copyright o de depósito legal M-13924-1993
Agencia que asigna el número DL
020 ## - ISBN (INTERNATIONAL STANDARD BOOK NUMBER)
Número Internacional Normalizado para Libros (ISBN) 8474347912
024 7# - OTROS IDENTIFICADORES
Número normalizado o código 201-92-062-7
Fuente del número o código nipo
035 ## - NÚMERO DE CONTROL DEL SISTEMA
Número de control del sistema CES19980012643m
040 ## - FUENTE DE CATALOGACIÓN
Centro catalogador de origen ES-MaCES
Lengua de catalogación spa
Centro transcriptor ES-MaCES
100 1# - ENCABEZAMIENTO PRINCIPAL--NOMBRE PERSONAL
Nombre de persona García Blasco, Juan
9 (RLIN) 12794
245 10 - MENCIÓN DE TÍTULO
Título Aplicación del Derecho del trabajo y nuevo proceso de oficio
Mención de responsabilidad, etc. Juan García Blasco
260 ## - PUBLICACIÓN, DISTRIBUCIÓN, ETC (PIE DE IMPRENTA)
Lugar de publicación, distribución, etc. Madrid
Nombre del editor, distribuidor, etc. Centro de Publicaciones, Ministerio de Trabajo y Seguridad Social
Fecha de publicación, distribución, etc. D.L. 1993
300 ## - DESCRIPCIÓN FÍSICA
Extensión 155 p.
Dimensiones 22 cm
490 1# - MENCIÓN DE SERIE
Mención de serie Estudios. Serie general
Designación de volumen o secuencia 10
541 ## - NOTA DE LA FUENTE INMEDIANTE DE ADQUISICIÓN
Forma de adquisición Gratuito
650 #4 - ASIENTO SECUNDARIO DE MATERIA--TÉRMINO DE MATERIA
Término de materia o nombre geográfico como elemento inicial derecho del trabajo
9 (RLIN) 27165
650 #4 - ASIENTO SECUNDARIO DE MATERIA--TÉRMINO DE MATERIA
Término de materia o nombre geográfico como elemento inicial procedimiento laboral
9 (RLIN) 30887
650 #4 - ASIENTO SECUNDARIO DE MATERIA--TÉRMINO DE MATERIA
Término de materia o nombre geográfico como elemento inicial régimen jurídico
9 (RLIN) 29894
650 #4 - ASIENTO SECUNDARIO DE MATERIA--TÉRMINO DE MATERIA
Término de materia o nombre geográfico como elemento inicial España
9 (RLIN) 26964
653 10 - TÉRMINO DE INDEXACIÓN--NO CONTROLADO
Término no controlado Derecho del trabajo y Seguridad Social
710 1# - ENCABEZAMIENTO SECUNDARIO--NOMBRE CORPORATIVO
Nombre de entidad o nombre de jurisdicción como elemento inicial España
Unidad subordinada Ministerio de Trabajo y Seguridad Social
Término indicativo de función ed.
9 (RLIN) 3276
830 #0 - ENCABEZAMIENTO SECUNDARIO DE COLECCIÓN--TÍTULO UNIFORME
Título uniforme Estudios (España. Ministerio de Trabajo y Seguridad Social)
Nombre de parte o sección de la obra Serie general
9 (RLIN) 32322
902 ## - CES. TIPO DE DOCUMENTO
Tipodoc (006$c Sirtex) LIB Libro
942 ## - ELEMENTOS KOHA
Fuente de clasificaión o esquema Clasificación propia del CES
Koha [por defecto] tipo de item Monografías
Parte de clasificación 6.0.1.
Existencias
Número de registro Signatura completa Tipo de item de Koha
003717 DPT-5611 Monografías
© CES, Consejo Económico y Social de España 2021